000 00415nam a2200145 a 4500
001 000047399
005 20260305073956.0
008 180515s1998 dr 000 spa d
040 _aDO-SdBNP
_bspa
_cBNPHU
082 _axxx
_bF362
100 1 _aFernández, Leonel,
_d1953-
_97291
245 0 _aGobierno, partido y sociedad. /
_cLeonel Fernández.
260 _aSanto Domingo :
_bAlfa y Omega,
_c1998.
300 _a46 p.
999 _c46887
_d46887